00479nam a2200193 a 4500001001300000003000900013005001700022008004100039020002300080082001300103100001500116245001900131260003600150300000900186500003500195505002600230650001400256700001500270nice12345678IN_TiNIC20260116014013.0050524s2003 newa grp 000 0 eng  a0149630 c22500a133bSIN aSingh, Uma aBetween Worlds aNew DelhibPenguin Books c2003 a200p aincludes index and biblioraphy2 aIndex, Quranic Verses aOccultism1 aSingh, Uma